[Event "XII Festival A"]
[Site "Robecchetto con Induno ITA"]
[Date "1999.01.05"]
[Round "7"]
[White "Sabatini, Carlo"]
[Black "Bemporad, Filippo"]
[Result "0-1"]
[WhiteElo "1950"]
[BlackElo "2060"]
[PlyCount "48"]
[EventDate "1999.01.02"]

1.d4 d5 2.c4 c6 3.Nc3 Nf6 4.cxd5 cxd5 5.Bf4 Nc6 6.e3 e6 7.Bd3 Be7 8.Nf3 
O-O 9.Rc1 Bd7 10.O-O Rc8 11.Ne5 Nxe5 12.Bxe5 Bc6 13.Qf3 Nd7 14.Qh3 f5 15.
f4 Nf6 16.Qf3 Ne4 17.Rc2 Bb4 18.g4 Bxc3 19.bxc3 Ba4 20.Rg2 Rf7 21.gxf5 
exf5 22.c4 dxc4 23.Bxe4 fxe4 24.Qxe4 Bc6 0-1

[Event "V Festival A"]
[Site "Verona ITA"]
[Date "1999.01.??"]
[Round "1"]
[White "Bertani, Gianfranco"]
[Black "Agnelli, Francesco"]
[Result "0-1"]
[WhiteElo "2195"]
[BlackElo "2075"]
[PlyCount "96"]
[EventDate "1999.01.02"]

1. Nf3 Nf6 2. d3 g6 3. e4 d6 4. c3 Bg7 5. Be2 e5 6. O-O O-O 7. h3 Nc6 8. b4 Nh5
9. Re1 Nf4 10. Bf1 Kh8 11. d4 Bd7 12. dxe5 dxe5 13. Be3 Ne6 14. Qc1 f6 15. Nbd2
Qe8 16. Nb3 b6 17. Rd1 g5 18. b5 Ne7 19. c4 Ng6 20. a4 h5 21. c5 g4 22. hxg4
hxg4 23. Ne1 Rf7 24. c6 Bc8 25. g3 Bf8 26. Ng2 Rh7 27. a5 Ngf4 28. Bxf4 Nxf4
29. Nh4 Be6 30. Qc3 Qf7 31. axb6 cxb6 32. c7 Rc8 33. Rd8 Rxc7 34. gxf4 Rxc3 35.
Rxf8+ Qxf8 36. Ng6+ Kg8 37. Nxf8 Kxf8 38. Nc1 g3 39. fxe5 gxf2+ 40. Kxf2 fxe5
41. Ne2 Rc2 42. Ke3 Rd7 43. Ra3 Rdc7 44. Kf2 Rb2 45. Kg3 Rf7 46. Kg2 Bc4 47.
Re3 Bxb5 48. Kg1 Rb1 0-1

[Event "V Festival A"]
[Site "Verona ITA"]
[Date "1999.01.??"]
[Round "1"]
[White "Bressanelli, Roberto"]
[Black "Ferretti, Folco"]
[Result "0-1"]
[WhiteElo "2099"]
[BlackElo "2280"]
[PlyCount "101"]
[EventDate "1999.01.02"]

1. e4 c6 2. d4 d5 3. e5 c5 4. dxc5 Nc6 5. Bb5 e6 6. Be3 Nge7 7. Nf3 Nf5 8. Bd4
Qa5+ 9. Nc3 Bd7 10. Bxc6 Bxc6 11. a3 Nxd4 12. Nxd4 Qxc5 13. O-O Be7 14. Re1 Qb6
15. Qg4 g6 16. b4 Bd7 17. Nce2 O-O 18. h4 f5 19. Qg3 Rf7 20. Rac1 Rc8 21. Qb3
Rc4 22. Nf3 Bxh4 23. Nxh4 Rxh4 24. c4 dxc4 25. Rxc4 f4 26. Nd4 Rh5 27. a4 Qd8
28. Rc3 Qh4 29. Rh3 Qg4 30. Rxh5 gxh5 31. Qh3 Bxa4 32. Qxg4+ hxg4 33. Ra1 b5
34. Nxe6 Re7 35. Nc5 Rxe5 36. Nxa4 bxa4 37. Kf1 Kg7 38. Rxa4 Re7 39. b5 Rf7 40.
Ra6 Rb7 41. f3 g3 42. Ke2 Rxb5 43. Rxa7+ Kg6 44. Ra4 Kg5 45. Rc4 Rb2+ 46. Kf1
Rb1+ 47. Ke2 Rg1 48. Rc5+ Kh4 49. Kd3 Rxg2 50. Ke4 Ra2 51. Kxf4 0-1

[Event "V Festival A"]
[Site "Verona ITA"]
[Date "1999.01.??"]
[Round "1"]
[White "Cacco, Christian"]
[Black "Benincasa, Marco"]
[Result "1-0"]
[WhiteElo "2192"]
[BlackElo "2012"]
[PlyCount "35"]
[EventDate "1999.01.02"]

1. d4 Nf6 2. Nf3 c5 3. c3 b6 4. g3 Bb7 5. Bg2 e6 6. O-O Be7 7. Re1 d6 8. Bg5
Nbd7 9. Nbd2 Qc7 10. e4 O-O 11. e5 Nd5 12. c4 Bxg5 13. Nxg5 Ne7 14. exd6 Qxd6
15. Bxb7 Rab8 16. Bg2 cxd4 17. Nde4 Qe5 18. Nf3 1-0

[Event "V Festival A"]
[Site "Verona ITA"]
[Date "1999.01.??"]
[Round "1"]
[White "Campanile, Roberto"]
[Black "Satta, Vladimiro"]
[Result "1-0"]
[WhiteElo "2112"]
[BlackElo "2214"]
[PlyCount "111"]
[EventDate "1999.01.02"]

1. d4 Nf6 2. Nf3 e6 3. c4 b6 4. g3 Bb7 5. Bg2 c5 6. d5 exd5 7. Nh4 g6 8. Nc3
Bg7 9. O-O O-O 10. Bg5 Re8 11. Nxd5 Nc6 12. Qd2 Rb8 13. Rad1 Nd4 14. e3 Ne6 15.
Bxf6 Bxf6 16. Nxf6+ Qxf6 17. Bxb7 Rxb7 18. Qd5 Rc7 19. b3 Rd8 20. Rd2 Rc6 21.
Rfd1 Nc7 22. Qe4 g5 23. Nf5 Re8 24. Qf3 Re5 25. g4 d5 26. cxd5 Rd6 27. Kg2 Rd8
28. d6 Nb5 29. Ne7+ Kg7 30. Qxf6+ Kxf6 31. Nc6 Rd7 32. Nxe5 Kxe5 33. Rd3 h6 34.
a4 Nxd6 35. f4+ Ke6 36. f5+ Ke7 37. e4 Rd8 38. e5 Nb7 39. Rxd8 Nxd8 40. Rd6 Nb7
41. Rxh6 Na5 42. Rh7 Ke8 43. Rh3 c4 44. bxc4 Nxc4 45. e6 fxe6 46. fxe6 a6 47.
Rh7 Nb2 48. a5 bxa5 49. Ra7 Nc4 50. Rxa6 Ke7 51. Kg3 Kf6 52. h4 gxh4+ 53. Kxh4
Ne5 54. Rxa5 Kxe6 55. Rxe5+ Kxe5 56. Kg5 1-0

[Event "V Festival A"]
[Site "Verona ITA"]
[Date "1999.01.??"]
[Round "1"]
[White "Cristiani, Cesare"]
[Black "Vancini, Edoardo"]
[Result "0-1"]
[WhiteElo "2089"]
[BlackElo "2249"]
[PlyCount "72"]
[EventDate "1999.01.02"]

1. d4 Nf6 2. c4 Nc6 3. Nf3 e6 4. Nc3 Bb4 5. Qc2 Qe7 6. e3 e5 7. dxe5 Nxe5 8.
Be2 a5 9. a3 Bc5 10. b3 d6 11. Bb2 O-O 12. h3 Bd7 13. O-O c6 14. Rfd1 Rfe8 15.
Na4 Ba7 16. Nxe5 dxe5 17. c5 Be6 18. Bc4 Nd5 19. Rac1 Qg5 20. h4 Qxh4 21. Bxe5
Bg4 22. Qe4 Qh5 23. Rxd5 cxd5 24. Bxd5 Qxe5 25. Qxe5 Rxe5 26. Bxb7 Rb8 27. c6
Bc8 28. Rd1 Re8 29. Bxc8 Rbxc8 30. Rd5 Rxc6 31. Rxa5 Re7 32. Nb2 Rc1+ 33. Kh2
Rb1 34. Nc4 Rxb3 35. Nd6 Bb8 36. Ra8 Re6 0-1

[Event "V Festival A"]
[Site "Verona ITA"]
[Date "1999.01.??"]
[Round "1"]
[White "De Vita, Gianni"]
[Black "Godena, Michele"]
[Result "0-1"]
[WhiteElo "2104"]
[BlackElo "2552"]
[PlyCount "108"]
[EventDate "1999.01.02"]

1. e4 e5 2. Nf3 Nc6 3. d4 exd4 4. Nxd4 Bb4+ 5. c3 Bc5 6. Be3 Bb6 7. g3 Nf6 8.
Bg2 O-O 9. Nd2 d5 10. O-O Nxd4 11. Bxd4 Bxd4 12. cxd4 dxe4 13. Nxe4 c6 14. Qa4
Nxe4 15. Bxe4 Be6 16. Rad1 Qd6 17. Qc2 g6 18. b3 Rfd8 19. Qc5 a5 20. Qxd6 Rxd6
21. Rd2 Rad8 22. Rfd1 g5 23. Bf3 Kg7 24. g4 h6 25. h3 f5 26. Kh2 Kf6 27. Kg3
f4+ 28. Kg2 Bf7 29. Rd3 Bg6 30. R3d2 R8d7 31. Kf1 c5 32. d5 b6 33. a4 Re7 34.
Kg1 Re5 35. Kf1 Bh7 36. Kg1 Bg6 37. Kf1 Be4 38. Kg2 Bh7 39. Kg1 Re8 40. Kf1 Re7
41. Kg1 Kf7 42. Kf1 Ke8 43. Kg1 Kd7 44. Kf1 Re5 45. Kg1 Bg8 46. Kf1 Rf6 47. Kg1
Kd6 48. Kf1 Rf8 49. Kg1 Rfe8 50. Kf1 Bh7 51. Rc1 Be4 52. Bxe4 Rxe4 53. Rcd1
R8e5 54. Kg2 Re1 0-1

[Event "V Festival A"]
[Site "Verona ITA"]
[Date "1999.01.??"]
[Round "1"]
[White "Everet, Alexandro"]
[Black "Pizzuto, Samuele Tullio"]
[Result "1-0"]
[WhiteElo "2253"]
[BlackElo "2115"]
[PlyCount "101"]
[EventDate "1999.01.02"]

1. e4 Nf6 2. d3 e5 3. Nf3 Nc6 4. c4 d6 5. Be2 g6 6. O-O Bg7 7. Nc3 O-O 8. h3
Ne8 9. Nd5 h6 10. g4 f5 11. Nh2 f4 12. Bd2 Nd4 13. Bf3 Qh4 14. Kg2 Ne6 15. Rh1
Ng5 16. Nf1 Bd7 17. Be1 c6 18. Nc3 Nc7 19. Nd2 Nce6 20. Ne2 Nh7 21. Kf1 Nhg5
22. Ng1 Nd4 23. Bg2 Nge6 24. Ndf3 Qf6 25. Nxd4 Nxd4 26. Nf3 Nxf3 27. Bxf3 Be6
28. Bc3 Rad8 29. Qe2 Rfe8 30. Kg2 Qf7 31. Rad1 c5 32. b4 a6 33. Rb1 Rb8 34.
bxc5 dxc5 35. Rb6 Qc7 36. Rhb1 Bf7 37. Qb2 Re7 38. Rxa6 Rd8 39. Ba5 Qd7 40.
Bxd8 Qxd8 41. Ra4 Be6 42. Qb6 Qd4 43. Ra5 Qxd3 44. Qxc5 Qxb1 45. Qxe7 Bxc4 46.
Ra8+ Kh7 47. Qe6 Qf1+ 48. Kh2 Ba6 49. Rd8 Be2 50. Bg2 Qb1 51. Qd5 1-0

[Event "V Festival A"]
[Site "Verona ITA"]
[Date "1999.01.??"]
[Round "1"]
[White "Facchetti, Gianni"]
[Black "Nikcevic, Nebojsa"]
[Result "0-1"]
[WhiteElo "2116"]
[BlackElo "2472"]
[PlyCount "108"]
[EventDate "1999.01.02"]

1. e4 c5 2. Nf3 g6 3. d3 Bg7 4. Nbd2 Nc6 5. Be2 Nf6 6. c3 d5 7. Qc2 O-O 8. Nf1
d4 9. Ng3 dxc3 10. bxc3 b6 11. O-O e5 12. Rd1 Qe7 13. Bg5 h6 14. Bxf6 Bxf6 15.
Nf1 Be6 16. Ne3 Qd7 17. Rd2 Rfd8 18. Qb2 Na5 19. c4 Qd6 20. Nd5 Bg5 21. Rdd1
Re8 22. h3 Bd8 23. Bf1 Bd7 24. Rab1 a6 25. Rdc1 b5 26. Qd2 Kg7 27. Rc2 b4 28.
Rcb2 Nc6 29. g3 a5 30. Bg2 a4 31. Rf1 Ba5 32. Qd1 Rec8 33. Nh2 a3 34. Rb1 Nd4
35. Nf3 b3 36. Nxd4 cxd4 37. axb3 Bc6 38. Ra1 Bxd5 39. exd5 Bc3 40. Ra2 Ra7 41.
Qc2 Rb7 42. Rb1 f5 43. Bf3 h5 44. Bd1 Re7 45. Qc1 Bb4 46. Qg5 Qf6 47. Qxf6+
Kxf6 48. Rba1 Ra8 49. f3 Rea7 50. Bc2 Ke7 51. Rf1 Kd6 52. Bd1 Re8 53. Kg2 Kc5
54. Rff2 Ra6 0-1

[Event "V Festival A"]
[Site "Verona ITA"]
[Date "1999.01.??"]
[Round "1"]
[White "Lapiccirella, Mattia"]
[Black "Costantini, Roberto"]
[Result "0-1"]
[WhiteElo "2077"]
[BlackElo "2158"]
[PlyCount "54"]
[EventDate "1999.01.02"]

1. d4 Nf6 2. c4 c5 3. d5 b5 4. Nf3 b4 5. Nbd2 g6 6. e4 d6 7. Bd3 Bg7 8. Nf1 O-O
9. Ng3 e6 10. h3 exd5 11. exd5 Re8+ 12. Be3 Bh6 13. O-O Bxe3 14. fxe3 Qe7 15.
Re1 Nbd7 16. Qd2 Ne5 17. Bf1 Bxh3 18. Nxe5 Qxe5 19. Qf2 Bd7 20. Qf4 Ng4 21. a3
a5 22. Bd3 f5 23. Nf1 bxa3 24. Qxe5 Nxe5 25. Rxa3 Reb8 26. Rb1 Rb4 27. Nd2 Rab8
0-1

[Event "V Festival A"]
[Site "Verona ITA"]
[Date "1999.01.??"]
[Round "1"]
[White "Luciani, Valerio"]
[Black "Faccia, Sergio"]
[Result "1-0"]
[WhiteElo "2238"]
[BlackElo "2090"]
[PlyCount "126"]
[EventDate "1999.01.02"]

1. d4 Nf6 2. Nf3 d5 3. Bg5 Bg4 4. Nbd2 Nc6 5. c3 h6 6. Bh4 e6 7. e3 Be7 8. Bb5
O-O 9. Qa4 Nb8 10. O-O Bf5 11. Ne5 c6 12. Bd3 Bxd3 13. Nxd3 Nbd7 14. Rad1 Qc7
15. Nf3 Bd6 16. Bxf6 Nxf6 17. c4 dxc4 18. Qxc4 Rfe8 19. b4 Rac8 20. Rd2 Qe7 21.
Rc1 Nd5 22. Rb2 Nf6 23. Qb3 g5 24. g3 Kh8 25. Rbc2 a6 26. a4 Nd5 27. b5 axb5
28. axb5 Ra8 29. Nfe5 Ra3 30. Qb2 Rea8 31. bxc6 bxc6 32. Rxc6 Ra2 33. Qb1 Kg7
34. Nc4 Bb8 35. Nb6 Nxb6 36. Qxb6 h5 37. Rc8 R2a6 38. Qb3 Ra3 39. Qd1 Bd6 40.
Rxa8 Rxa8 41. Qxh5 Rh8 42. Qf3 Rb8 43. Ne5 Bxe5 44. dxe5 Rb5 45. Qe4 Qa3 46.
Rf1 Rb4 47. Qf3 g4 48. Qf6+ Kg8 49. Rd1 Rb8 50. Qg5+ Kf8 51. Qxg4 Qc5 52. Qd4
Qc8 53. Qd6+ Kg7 54. Qe7 Qc6 55. Qf6+ Kg8 56. Rd8+ Rxd8 57. Qxd8+ Kg7 58. Qf6+
Kg8 59. h4 Qc1+ 60. Kg2 Qc2 61. Qf4 Qc6+ 62. e4 Qb5 63. h5 Qb4 1-0

[Event "V Festival A"]
[Site "Verona ITA"]
[Date "1999.01.??"]
[Round "1"]
[White "Mitkov, Nikola"]
[Black "Alberton, Roberto"]
[Result "1-0"]
[WhiteElo "2483"]
[BlackElo "2140"]
[PlyCount "115"]
[EventDate "1999.01.02"]

1. e4 e5 2. Bc4 Nf6 3. d3 Nc6 4. Nc3 Bb4 5. Nge2 d5 6. exd5 Nxd5 7. O-O Nb6 8.
Bb3 O-O 9. f4 Bg4 10. h3 Bc5+ 11. Kh2 Qh4 12. Qe1 Qxe1 13. Rxe1 Bxe2 14. Rxe2
exf4 15. Bxf4 Nd4 16. Ree1 c6 17. Ne4 Be7 18. Bd6 Bh4 19. Bxf8 Bxe1 20. Bc5
Nxb3 21. axb3 f5 22. Nd6 Nd7 23. Bd4 Bb4 24. Nxf5 Bf8 25. Re1 g6 26. Nh4 c5 27.
Bc3 Bd6+ 28. g3 Rf8 29. Kg2 Kf7 30. Nf3 h6 31. d4 Re8 32. Rxe8 Kxe8 33. Nd2
cxd4 34. Bxd4 a6 35. Kf3 Kf7 36. g4 h5 37. Ne4 hxg4+ 38. hxg4 Be7 39. c4 Ke6
40. Kf4 Kf7 41. Nc3 Ke6 42. Nd5 Bd8 43. b4 Kf7 44. Ke4 Bg5 45. Nc3 Bd2 46. Kd5
Bf4 47. b5 axb5 48. Nxb5 Ke7 49. Nc3 Bd6 50. Ne4 Bf4 51. b4 Bc7 52. c5 Nf8 53.
Bf6+ Kd7 54. b5 Bf4 55. Bg5 Bh2 56. c6+ Kc7 57. Nf6 bxc6+ 58. bxc6 1-0

[Event "V Festival A"]
[Site "Verona ITA"]
[Date "1999.01.??"]
[Round "1"]
[White "Mrdja, Milan"]
[Black "Ventura, Boris"]
[Result "1-0"]
[WhiteElo "2410"]
[BlackElo "2115"]
[PlyCount "49"]
[EventDate "1999.01.02"]

1. e4 e5 2. Nf3 Nc6 3. Bb5 a6 4. Ba4 Nf6 5. O-O Bc5 6. c3 b5 7. Bc2 d6 8. a4
Rb8 9. axb5 axb5 10. b4 Bb6 11. Na3 Na7 12. d4 Qe7 13. Be3 O-O 14. dxe5 dxe5
15. Bxb6 Rxb6 16. Nc4 bxc4 17. Rxa7 Bg4 18. Qe2 Nh5 19. Qe3 Rg6 20. g3 Nf4 21.
Kh1 Qe6 22. Nh4 Be2 23. Re1 Qh3 24. gxf4 Qxh4 25. Qxe2 1-0

[Event "V Festival A"]
[Site "Verona ITA"]
[Date "1999.01.??"]
[Round "1"]
[White "Ortega, Lexy"]
[Black "Masera, Umberto"]
[Result "1-0"]
[WhiteElo "2485"]
[BlackElo "2125"]
[PlyCount "51"]
[EventDate "1999.01.02"]

1. d4 d5 2. Nf3 Nf6 3. c4 c6 4. Nc3 e6 5. e3 Nbd7 6. Qc2 Bd6 7. Be2 a6 8. O-O
O-O 9. e4 Nxe4 10. Nxe4 dxe4 11. Qxe4 Nf6 12. Qh4 Be7 13. Rd1 Nd7 14. Qg3 Re8
15. h4 Nf8 16. c5 b6 17. Be3 Bb7 18. h5 bxc5 19. dxc5 Qa5 20. h6 g6 21. b4 Qa4
22. Ng5 Rad8 23. Qf4 Rxd1+ 24. Bxd1 f6 25. Bxa4 fxg5 26. Qe5 1-0

[Event "V Festival A"]
[Site "Verona ITA"]
[Date "1999.01.??"]
[Round "1"]
[White "Perich, Stefano"]
[Black "Popa, Florin"]
[Result "0-1"]
[WhiteElo "2045"]
[BlackElo "2215"]
[PlyCount "83"]
[EventDate "1999.01.02"]

1. Nf3 d5 2. c4 c6 3. b3 Nf6 4. Bb2 Bf5 5. d3 e6 6. g3 Nbd7 7. Bg2 Be7 8. O-O
Qc7 9. Nbd2 h5 10. Qc2 O-O-O 11. e4 dxe4 12. dxe4 Bg6 13. Rfe1 Ng4 14. Bxg7 Rh7
15. Bd4 h4 16. h3 e5 17. Bxa7 hxg3 18. hxg4 b6 19. fxg3 Qxa7 20. Kf1 Qc7 21.
Rad1 Rdh8 22. Qc3 Bf6 23. b4 Nf8 24. Nb3 Ne6 25. a4 c5 26. bxc5 bxc5 27. Rd5
Rd8 28. Qe3 Rxd5 29. cxd5 Nd4 30. Nfxd4 exd4 31. Qe2 c4 32. Rc1 d3 33. Qe3 Bb2
34. Rb1 Ba3 35. Nc1 Bc5 36. Qf3 Rh2 37. Qf6 d2 38. Ne2 Rxg2 39. Kxg2 Bxe4+ 40.
Kf1 Bxb1 41. Qa6+ Kd8 42. Qf6+ 0-1

[Event "V Festival A"]
[Site "Verona ITA"]
[Date "1999.01.??"]
[Round "1"]
[White "Pipitone, Antonio"]
[Black "Franchini, Gabriele"]
[Result "1/2-1/2"]
[WhiteElo "2057"]
[BlackElo "2203"]
[PlyCount "52"]
[EventDate "1999.01.02"]

1. e4 e6 2. d4 d5 3. e5 c5 4. c3 Nc6 5. Nf3 Nh6 6. Bd3 Nf5 7. Bxf5 exf5 8. O-O
Be6 9. Be3 Be7 10. dxc5 g5 11. Nd4 h5 12. Nxc6 bxc6 13. Qa4 Qd7 14. Nd2 Rb8 15.
Rfd1 f4 16. Bd4 Rxb2 17. Rab1 Rxb1 18. Rxb1 O-O 19. Qa6 Rc8 20. Rb7 Rc7 21.
Rb8+ Kg7 22. Nb3 Kh7 23. Na5 Kg7 24. Nb7 Rc8 25. Qxa7 Kh7 26. c4 Bh3 1/2-1/2

[Event "V Festival A"]
[Site "Verona ITA"]
[Date "1999.01.??"]
[Round "1"]
[White "Zoldan, Matteo"]
[Black "Guido, Flavio"]
[Result "0-1"]
[WhiteElo "2099"]
[BlackElo "2356"]
[PlyCount "86"]
[EventDate "1999.01.02"]

1. e4 c5 2. Nf3 e6 3. d4 cxd4 4. Nxd4 Nf6 5. Nc3 d6 6. Be3 Nc6 7. Qd2 Be7 8. f3
O-O 9. g4 Nd7 10. O-O-O Nde5 11. Qg2 a6 12. h4 b5 13. Nxc6 Nxc6 14. g5 Bd7 15.
f4 Rc8 16. Kb1 Nb4 17. Bd4 Qa5 18. Qd2 e5 19. a3 Nc6 20. Be3 exf4 21. Bxf4 Bg4
22. Nd5 Qxd2 23. Rxd2 Rfe8 24. Bh3 Bxh3 25. Rxh3 Bf8 26. Nb6 Rcd8 27. Rhd3 Rxe4
28. Bxd6 Rxh4 29. Bxf8 Rxf8 30. Rd7 Rg4 31. Rb7 Ne5 32. Nd7 Nxd7 33. Rdxd7 Rxg5
34. Ra7 Rg6 35. b3 h5 36. c4 bxc4 37. bxc4 h4 38. Rd4 h3 39. Rh4 Rh6 40. Rxh6
gxh6 41. Rxa6 Kh7 42. Ra5 f5 43. Re5 Rg8 0-1

[Event "V Festival A"]
[Site "Verona ITA"]
[Date "1999.01.??"]
[Round "2"]
[White "Agnelli, Francesco"]
[Black "Luciani, Valerio"]
[Result "0-1"]
[WhiteElo "2075"]
[BlackElo "2238"]
[PlyCount "88"]
[EventDate "1999.01.02"]

1. e4 e6 2. d4 d5 3. Nc3 Bb4 4. e5 c5 5. a3 Bxc3+ 6. bxc3 Ne7 7. Qg4 Qc7 8.
Qxg7 Rg8 9. Qxh7 cxd4 10. Ne2 Nbc6 11. f4 Bd7 12. Qd3 dxc3 13. Qxc3 Nf5 14. Rb1
O-O-O 15. Bd2 d4 16. Qc5 Be8 17. Rb3 f6 18. exf6 Nd6 19. a4 Ne4 20. Qa3 Nxd2
21. Kxd2 Na5 22. Rb4 Nc4+ 23. Rxc4 Qxc4 24. a5 d3 25. cxd3 Bg6 26. Nc1 Qxf4+
27. Kc2 Qf2+ 28. Kb1 Qxf6 29. Be2 Bf5 30. Bf3 Qe5 31. Ka2 Rd5 32. Nb3 Rxd3 33.
Qb4 Rxf3 34. Rc1+ Kb8 35. gxf3 Rg2+ 36. Ka3 Qb2+ 37. Ka4 Qa2+ 38. Kb5 Bd3+ 39.
Kc5 Rg5+ 40. Kd4 Rd5+ 41. Kc3 a6 42. Nd4 Bb5 43. Rg1 Rd8 44. Rd1 Rc8+ 0-1

[Event "V Festival A"]
[Site "Verona ITA"]
[Date "1999.01.??"]
[Round "2"]
[White "Alberton, Roberto"]
[Black "Lovati, Paolo"]
[Result "1-0"]
[WhiteElo "2140"]
[BlackElo "2085"]
[PlyCount "133"]
[EventDate "1999.01.02"]

1. Nf3 Nc6 2. b3 e5 3. Bb2 f6 4. e3 Nh6 5. d3 d5 6. Nbd2 Be6 7. Be2 a5 8. a3
Nf5 9. e4 dxe4 10. dxe4 Nd6 11. Bd3 Be7 12. Qe2 O-O 13. h3 Qe8 14. g4 Nd8 15.
Nc4 Nxc4 16. Bxc4 Qf7 17. Nd2 c6 18. O-O b5 19. Bd3 h5 20. a4 hxg4 21. hxg4 Qg6
22. f3 Bc5+ 23. Kg2 Bd7 24. Rh1 Ne6 25. Kf1 Nf4 26. Qh2 Bc8 27. axb5 cxb5 28.
Bc3 Nxd3 29. cxd3 b4 30. Bb2 Be6 31. Nc4 a4 32. bxa4 Bxc4 33. dxc4 Kf7 34. Qh5
Qxh5 35. Rxh5 Rfd8 36. Ke2 Rh8 37. Bc1 Rxh5 38. gxh5 Bd4 39. Rb1 Rxa4 40. Rb3
Bc3 41. Kd3 Ra2 42. Be3 Rh2 43. Bc5 Rxh5 44. Bxb4 Bd4 45. Bc3 Bxc3 46. Kxc3 g5
47. c5 g4 48. fxg4 Rh4 49. Kc4 Rh1 50. Rd3 Ke6 51. c6 Rb1 52. Kc5 Rb2 53. c7
Rc2+ 54. Kb6 Rb2+ 55. Ka7 Rc2 56. Kb8 Rb2+ 57. Kc8 Ke7 58. Rh3 Rb4 59. Rh7+ Ke8
60. Rh8+ Ke7 61. Rd8 Rb1 62. Rd5 Rb2 63. Ra5 Rb1 64. Ra8 Rb2 65. Rb8 Rc2 66.
Kb7 Rb2+ 67. Ka7 1-0

[Event "V Festival A"]
[Site "Verona ITA"]
[Date "1999.01.??"]
[Round "2"]
[White "Barbieri, Giovanni"]
[Black "Di Lazzaro, Gabriele"]
[Result "1-0"]
[WhiteElo "2108"]
[BlackElo "2040"]
[PlyCount "100"]
[EventDate "1999.01.02"]

1. e4 g6 2. d3 Bg7 3. g3 d5 4. Nd2 dxe4 5. Nxe4 Nh6 6. Bg2 O-O 7. Ne2 c6 8. O-O
Qb6 9. h3 Nf5 10. Kh1 Nd7 11. Nd2 Ne5 12. Nf3 Nxf3 13. Bxf3 e5 14. Bg2 Be6 15.
Nc3 Rad8 16. Bd2 Nd6 17. Rb1 Qc7 18. Qc1 Qd7 19. Kh2 f5 20. Be3 b6 21. f4 exf4
22. Bxf4 Nf7 23. Qd2 Rfe8 24. Rbe1 Re7 25. a3 c5 26. Qc1 Bf6 27. h4 Rde8 28.
Rf2 Nd8 29. Rfe2 Nc6 30. Nb5 Nd4 31. Nxd4 Qxd4 32. Be5 Bxe5 33. Rxe5 Kg7 34. h5
Qg4 35. h6+ Kf7 36. Qf4 Qxf4 37. gxf4 Bd7 38. Bd5+ Kf8 39. c3 a6 40. d4 cxd4
41. cxd4 a5 42. Rxe7 Rxe7 43. Rxe7 Kxe7 44. Kg3 Be6 45. Bb7 Kd6 46. Kh4 Bd5 47.
Ba6 Ke7 48. Bb5 Bb3 49. Bc6 Kd6 50. Bf3 a4 1-0

[Event "V Festival A"]
[Site "Verona ITA"]
[Date "1999.01.??"]
[Round "2"]
[White "Benincasa, Marco"]
[Black "De Vita, Gianni"]
[Result "0-1"]
[WhiteElo "2012"]
[BlackElo "2104"]
[PlyCount "84"]
[EventDate "1999.01.02"]

1. e4 c5 2. c3 Nf6 3. e5 Nd5 4. d4 cxd4 5. cxd4 Nc6 6. Nf3 d6 7. Bc4 e6 8. O-O
Be7 9. Qe2 O-O 10. Bxd5 exd5 11. h3 Be6 12. Nc3 Rc8 13. Bf4 a6 14. exd6 Bxd6
15. Bxd6 Qxd6 16. Ng5 Rfe8 17. Rfe1 h6 18. Nxe6 Rxe6 19. Qd2 Rf6 20. g3 Na5 21.
b3 Qb4 22. Ne4 Qxd2 23. Nxd2 Rc2 24. Red1 Nc6 25. Rac1 Rxa2 26. Ra1 Rxa1 27.
Rxa1 Nxd4 28. Rd1 Nf3+ 29. Kg2 Nxd2 30. Rxd2 Rb6 31. Rd3 Kf8 32. Kf3 Ke7 33.
Ke3 Re6+ 34. Kd2 Kd6 35. f3 a5 36. Rd4 b5 37. h4 Rg6 38. g4 Kc5 39. Kd3 Rf6 40.
f4 Re6 41. g5 Re8 42. gxh6 gxh6 0-1

[Event "V Festival A"]
[Site "Verona ITA"]
[Date "1999.01.??"]
[Round "2"]
[White "Bertagnolli, Alexander"]
[Black "Bressanelli, Roberto"]
[Result "1/2-1/2"]
[WhiteElo "1978"]
[BlackElo "2099"]
[PlyCount "115"]
[EventDate "1999.01.02"]

1. e4 e5 2. Nf3 Nc6 3. Bc4 Bc5 4. O-O Nf6 5. d3 d6 6. Be3 Bb6 7. h3 O-O 8. Nc3
Ne7 9. d4 Ng6 10. dxe5 Nxe5 11. Nxe5 dxe5 12. Qxd8 Rxd8 13. Rfd1 Bd7 14. Bg5
Bc6 15. Bd5 Rd6 16. Bxc6 bxc6 17. Rd3 Rad8 18. Bxf6 gxf6 19. Rad1 Bd4 20. Kf1
Bxc3 21. bxc3 Kf8 22. Ke2 Rxd3 23. cxd3 Rb8 24. Ke3 c5 25. Rd2 Ke7 26. Kf3 a5
27. Ke3 Ke6 28. g3 Rb1 29. d4 cxd4+ 30. cxd4 exd4+ 31. Kxd4 Rb4+ 32. Kc5 Rxe4
33. Kc6 f5 34. Kxc7 f4 35. gxf4 Rxf4 36. Kb6 Ra4 37. Kc6 Kf6 38. Kd7 Kg6 39.
Rd6+ Kg7 40. Rd2 h5 41. Ke7 Re4+ 42. Kd6 Rh4 43. Rd3 Rf4 44. Rd5 a4 45. Ra5 Kf6
46. Kc5 Rh4 47. Kb5 Rxh3 48. Rxa4 Rf3 49. Rb4 Rf5+ 50. Kb6 Rxf2 51. a4 Kg5 52.
a5 Ra2 53. Rd4 h4 54. Rd8 f5 55. Rg8+ Kf4 56. Rh8 Kg3 57. Rg8+ Kh3 58. Rh8
1/2-1/2

[Event "V Festival A"]
[Site "Verona ITA"]
[Date "1999.01.??"]
[Round "2"]
[White "Campanile, Antonio"]
[Black "Carli, Carlo"]
[Result "0-1"]
[WhiteElo "2174"]
[BlackElo "2071"]
[PlyCount "66"]
[EventDate "1999.01.02"]

1. c4 Nf6 2. Nf3 e6 3. g3 d5 4. b3 c5 5. Bg2 Nc6 6. O-O d4 7. d3 Be7 8. Na3 O-O
9. Nc2 e5 10. Nd2 Bf5 11. h3 Qd7 12. Kh2 h5 13. Ne1 Rae8 14. f3 h4 15. g4 Bg6
16. Ne4 Nh7 17. Bd2 f5 18. gxf5 Bxf5 19. a3 Nd8 20. b4 b6 21. bxc5 bxc5 22. Nf2
Ne6 23. f4 Nxf4 24. Bxf4 exf4 25. Nf3 Bd6 26. Rb1 Nf6 27. Kg1 Nh5 28. Re1 Qe7
29. Rb2 Rb8 30. Ra2 Ng3 31. Qa4 Rb6 32. Qc2 Rfb8 33. Nd2 Nxe2+ 0-1

[Event "V Festival A"]
[Site "Verona ITA"]
[Date "1999.01.??"]
[Round "2"]
[White "Castaldo, Folco"]
[Black "Medancic, Rikard"]
[Result "0-1"]
[WhiteElo "2192"]
[BlackElo "2349"]
[PlyCount "115"]
[EventDate "1999.01.02"]

1. e4 c5 2. c3 d6 3. d4 Qc7 4. Be3 Nf6 5. Bd3 g6 6. f3 Bg7 7. Ne2 O-O 8. O-O b6
9. Nd2 Nc6 10. Kh1 Bb7 11. f4 e6 12. Qe1 cxd4 13. Nxd4 Rac8 14. Qh4 Qe7 15.
N2f3 Ne8 16. Qh3 Nxd4 17. Nxd4 f5 18. exf5 gxf5 19. Rae1 Nf6 20. Bc2 Bd5 21.
Bf2 Qf7 22. Nf3 h6 23. Bd4 Qh5 24. Qg3 Qg4 25. Qxg4 Nxg4 26. Bb3 Bxb3 27. axb3
Rfe8 28. Bxg7 Kxg7 29. Nd4 Kf7 30. Nb5 Rcd8 31. Nxa7 Nf6 32. Rd1 Ne4 33. Kg1
Rd7 34. Nc6 Kf6 35. Ne5 Rg7 36. Nc4 d5 37. Nd2 Ra8 38. Nxe4+ dxe4 39. Ra1 Rxa1
40. Rxa1 Rd7 41. Ra6 Rd6 42. c4 h5 43. Kf1 Rd1+ 44. Ke2 Rg1 45. Kf2 Rb1 46.
Rxb6 Rxb2+ 47. Kf1 e3 48. c5 Rf2+ 49. Ke1 Rxg2 50. h4 Rc2 51. b4 Rc4 52. Ke2
Rxf4 53. Kxe3 Rxh4 54. c6 Ke5 55. Kd3 Kd5 56. c7 Rd4+ 57. Ke3 Rc4 58. Rb7 0-1

[Event "V Festival A"]
[Site "Verona ITA"]
[Date "1999.01.??"]
[Round "2"]
[White "Costantini, Roberto"]
[Black "Mrdja, Milan"]
[Result "0-1"]
[WhiteElo "2158"]
[BlackElo "2410"]
[PlyCount "52"]
[EventDate "1999.01.02"]

1. e4 Nf6 2. Nc3 d5 3. exd5 Nxd5 4. Bc4 Nb6 5. Bb3 c5 6. Qh5 e6 7. Ne4 Nc6 8.
d3 Nd5 9. Nf3 g6 10. Qh3 f5 11. O-O fxe4 12. dxe4 Nb6 13. Bg5 Be7 14. Rad1 Qc7
15. Bxe6 Bxe6 16. Qxe6 Qc8 17. Qb3 c4 18. Qc3 O-O 19. Bh6 Rf7 20. e5 Qg4 21.
Rfe1 Bb4 22. Qe3 Rxf3 23. Qxf3 Qxf3 24. gxf3 Bxe1 25. Rxe1 Re8 26. e6 Nd4 0-1

[Event "V Festival A"]
[Site "Verona ITA"]
[Date "1999.01.??"]
[Round "2"]
[White "Cucinella, Vincenzo"]
[Black "Pipitone, Antonio"]
[Result "1/2-1/2"]
[WhiteElo "2166"]
[BlackElo "2057"]
[PlyCount "99"]
[EventDate "1999.01.02"]

1. d4 Nf6 2. Nf3 g6 3. c4 c5 4. d5 e6 5. Nc3 exd5 6. cxd5 d6 7. g3 Bg7 8. Bg2
O-O 9. O-O Na6 10. Nd2 Nc7 11. a4 b6 12. Rb1 Rb8 13. Nc4 Ba6 14. b3 Bxc4 15.
bxc4 Ng4 16. Qb3 Re8 17. h3 Nf6 18. e4 Qd7 19. Bd2 a6 20. Rfe1 Nh5 21. Kh2 Bd4
22. Be3 Bg7 23. Re2 f5 24. f4 fxe4 25. Nxe4 b5 26. axb5 axb5 27. cxb5 Rxb5 28.
Qd1 Nf6 29. Nxf6+ Bxf6 30. Rxb5 Qxb5 31. Bf3 Qa5 32. h4 Qa3 33. Qd2 Rb8 34. Qd1
Rb3 35. Qd2 Nb5 36. Bg2 Rd3 37. Qc1 Qb3 38. Bf2 Rd1 39. Qc2 Qxc2 40. Rxc2 Nc3
41. Bf3 Rd3 42. Bg2 Nd1 43. Kh3 Nxf2+ 44. Rxf2 Kf7 45. Rb2 h5 46. Rb7+ Be7 47.
Rb4 Kf6 48. Re4 Rd4 49. Rxd4 cxd4 50. Be4 1/2-1/2